| 000 | 01942cam a2200457 i 4500 | ||
|---|---|---|---|
| 999 |
_c200446991 _d65203 |
||
| 001 | 200446991 | ||
| 003 | TR-AnTOB | ||
| 005 | 20240115100010.0 | ||
| 007 | ta | ||
| 008 | 011008s2001 tu d b 000 0 tur d | ||
| 020 | _a9751928265 | ||
| 035 | _a(TR-AnTOB)200446991 | ||
| 040 |
_aBGZ _beng _erda _cBGZ _dTR-AnTOB |
||
| 041 | 0 | _atur | |
| 050 | 4 |
_aHD9576.T92 _bM33 2001 |
|
| 090 |
_aHD9576.T92 _bM33 2001 |
||
| 245 | 1 | 0 |
_aMadencilik Özel İhtisas Komisyonu raporu : _bEnerji hammaddeleri alt komisyonu ;petrol-doğalgaz çalışma grubu. |
| 246 | 3 | 0 | _aSekizinci beş yıllık kalkınma planı Madencilik Özel İhtisas Komisyonu :Enerji hammaddeleri alt komisyonu petrol-doğalgaz çalışma grubu raporu |
| 246 | 3 | 7 | _aEnerji hammaddeleri alt komisyonu. |
| 246 | 3 | 7 | _aPetrol-doğalgaz çalışma grubu. |
| 264 | 1 |
_aAnkara : _bDPT, _c2001. |
|
| 300 |
_a129 pages : _btables ; _c27 cm |
||
| 336 |
_atext _btxt _2rdacontent |
||
| 337 |
_aunmediated _bn _2rdamedia |
||
| 338 |
_avolume _bnc _2rdacarrier |
||
| 490 | 0 |
_aSekizinci beş yıllık kalkınma planı ; _vyayın no :DPT. 2606-ÖİK.617 |
|
| 500 | _a"DPT'nin 41. yılı." | ||
| 500 | _a"Ankara 2001." | ||
| 500 | _aRunning title :Petrol-doğalgaz çalışma grubu. | ||
| 500 | _aRunning title :Enerji hammaddeleri alt komisyonu. | ||
| 504 | _aBIB | ||
| 650 | 7 |
_aPetrol endüstrisi ve ticareti _zTürkiye _2etuturkob _992606 |
|
| 650 | 7 |
_aPetrol _zTürkiye _2etuturkob _9132478 |
|
| 650 | 7 |
_aDoğal gaz _zTürkiye _2etuturkob _959634 |
|
| 650 | 0 |
_aMadenler ve mineral kaynakları _zTürkiye _9100127 |
|
| 710 | 2 |
_aDevlet Planlama Teşkilatı (Türkiye). _bMadencilik Özel İhtisas Komisyonu. _bEnerji Hammaddeleri Alt Komisyonu _937277 |
|
| 856 | 4 | 1 |
_zOnline access link to the resource _uhttps://www.sbb.gov.tr/wp-content/uploads/2018/11/08_Madencilik_EnerjiHammaddeleri_PetrolDogalgaz.pdf |
| 942 |
_2lcc _cBK |
||